MARC

LEADER 00000nam0a2200000 4500
001 332370
005 20231102004441.0
035 |a (RuTPU)RU\TPU\book\358303 
090 |a 332370 
100 |a 20170522d1961 m y0rusy50 ca 
101 0 |a rus 
102 |a RU 
105 |a a j 001zy 
200 1 |a Маркшейдерское дело и геометризация недр. (Руководство по лабораторным работам)  |e учебное пособие  |f А. А. Трофимов 
210 |a Москва  |c Госгортехиздат  |d 1961 
215 |a 147 с.  |c ил. 
320 |a Библиогр.: с. 145 
606 1 |a Маркшейдерское дело  |2 stltpush  |3 (RuTPU)RU\TPU\subj\41067  |9 60885 
610 1 |a геометризация 
610 1 |a недра 
610 1 |a условные знаки 
610 1 |a планы 
610 1 |a топография 
610 1 |a разведка 
610 1 |a разработка 
610 1 |a месторождения 
610 1 |a горнотехнические задачи 
610 1 |a метод изолиний 
610 1 |a инструменты 
610 1 |a подземная съемка 
610 1 |a ориентирование 
610 1 |a вертикальная съемка 
610 1 |a документация 
610 1 |a выработки 
610 1 |a целики 
610 1 |a лабораторные работы 
610 1 |a руководства 
610 1 |a учебные пособия 
675 |a 622.1(076.5)  |v 4 
700 1 |a Трофимов  |b А. А.  |g Александр Алексеевич 
801 1 |a RU  |b 63413507  |c 20170522 
801 2 |a RU  |b 63413507  |c 20191225  |g RCR 
942 |c BK